• 首页
  • 本馆介绍
  • 公告通知
  • 最新文献
  • 馆藏检索
  • 电子资源
  • 读者荐购
  • 参考咨询
  • CALIS
  • 我的图书馆
  • 登录
  • 详细信息显示
  • 放入我的书架
  • 预约/预借图书
  • 作者相关作品
  • 分类相关作品
  • 丛书相关作品
  • 出版社相关作品

书目信息

  • 表格格式
  • 工作单格式
  • 卡片格式
题名:
四川省绿色建筑评价标准
    
 
作者: 于忠 起草 ;四川省住房和城乡建设厅 主编
分册:  
出版信息: 成都   西南交通大学出版社  2018.07
页数: 12, 200页
开本: 21cm
丛书名: 四川省工程建设地方标准
单 册:
中图分类: TU201.5-65
科图分类:
主题词: 生态建筑--sheng tai jian zhu--建筑设计--标准--四川
电子资源:
ISBN: 978-7-5643-6305-5
 
 
 
 
 
000 01371nam 2200325 450
001 0100028667
005 20211025120159.0
010    @a978-7-5643-6305-5@dCNY42.00
094    @aCN@bDBJ51/T009-2018
100    @a20181018d2018 em y0chiy50 ea
101 0  @achi@eeng
102    @aCN@b510000
105    @ak l 000yy
106    @ar
200 1  @a四川省绿色建筑评价标准@Asi chuan sheng lv se jian zhu ping jia biao zhun@d= Assessment standard for green building in Sichuan province@f主编部门四川省住房和城乡建设厅@zeng
210    @a成都@c西南交通大学出版社@d2018.07
215    @a12, 200页@d21cm
225 2  @a四川省工程建设地方标准@Asi chuan sheng gong cheng jian she di fang biao zhun
300    @a备案号 J12097- 2018
300    @a四川省住房和城乡建设厅发布 2018-08-03发布 2018-09-01实施
314    @a起草人: 于忠 ... [等]
330    @a为贯彻国家技术经济政策, 节约资源, 保护环境, 规范绿色建筑的评价, 推进可持结发展, 制定本标准。
410  0 @12001 @a四川省工程建设地方标准
510 1  @aAssessment standard for green building in Sichuan province@zeng
606 0  @a生态建筑@Asheng tai jian zhu@x建筑设计@x标准@y四川
690    @aTU201.5-65@v5
701  0 @a于忠@Ayu zhong@4起草
712 02 @a四川省住房和城乡建设厅@Asi chuan sheng zhu fang he cheng xiang jian she ting@4主编
801  0 @aCN@c20210909
905    @a河南城建学院图书馆@dTU201.5-65@eY736
    
    四川省绿色建筑评价标准= Assessment standard for green building in Sichuan province/主编部门四川省住房和城乡建设厅.-成都:西南交通大学出版社,2018.07
    12, 200页;21cm.-(四川省工程建设地方标准)
    备案号 J12097- 2018.-四川省住房和城乡建设厅发布 2018-08-03发布 2018-09-01实施
    
    ISBN 978-7-5643-6305-5:CNY42.00
    为贯彻国家技术经济政策, 节约资源, 保护环境, 规范绿色建筑的评价, 推进可持结发展, 制定本标准。
●
相关链接 在E读中查询图书 在当当中查询图书 在豆瓣中查询图书


正题名:四川省绿色建筑评价标准     索取号:TU201.5-65/Y736         预约/预借

序号 登录号 条形码 馆藏地/架位号 状态 备注
1 1545788   215457887   建筑库101/101建筑库 38排1列4层/ [索取号:TU201.5-65/Y736] 在馆    
2 1545789   215457896   建筑库101/101建筑库 38排1列4层/ [索取号:TU201.5-65/Y736] 在馆    
河南城建学院图书馆 欢迎您!
大连网信软件有限公司© 版权所有